| 000 | 00370nam a2200133Ia 4500 | ||
|---|---|---|---|
| 008 | 151021s9999 xx 000 0 und d | ||
| 020 | _a9966225633 | ||
| 050 | _aPR9381.9 .M24 2007 | ||
| 245 | _a_Man from Machakos David G.Maiilu | ||
| 260 | _aNairobi The Jomo Kenyatta Foundation 2007 | ||
| 300 | _a149p. | ||
| 650 | _a_Novel | ||
| 980 | _a^d20130805 05:08:32^oanne | ||
| 999 |
_c14330 _d14330 |
||